Normal view
MARC view
- Betti, Bollo
Entry Personal Name
001 - CONTROL NUMBER
- control field: 127877
003 - CONTROL NUMBER IDENTIFIER
- control field: NUST
005 - DATE AND TIME OF LATEST TRANSACTION
- control field: 20250218095153.0
008 - FIXED-LENGTH DATA ELEMENTS
- fixed length control field: 250218|| aca||aabn | a|a d
040 ## - CATALOGING SOURCE
- Original cataloging agency: NUST
- Transcribing agency: NUST
100 ## - HEADING--PERSONAL NAME
- Personal name: Betti, Bollo
670 ## - SOURCE DATA FOUND
- Source citation: Work cat.: (NUST): Jarmai,Karoly 127876, Vehicle and Automotive Engineering /, 2017.
